<?xml version="1.0" encoding="UTF-8"?>
<record
    xmlns:xsi="http://www.w3.org/2001/XMLSchema-instance"
    xsi:schemaLocation="http://www.loc.gov/MARC21/slim http://www.loc.gov/standards/marcxml/schema/MARC21slim.xsd"
    xmlns="http://www.loc.gov/MARC21/slim">

  <leader>01028nam a2200265 i 4500</leader>
  <controlfield tag="001">105046</controlfield>
  <controlfield tag="003">ES-MaACL</controlfield>
  <controlfield tag="005">20250801063031.0</controlfield>
  <controlfield tag="007">t|</controlfield>
  <controlfield tag="008">060607s1996    fr           |||| |dfre d</controlfield>
  <datafield tag="020" ind1=" " ind2=" ">
    <subfield code="a">2-204-05353-8</subfield>
  </datafield>
  <datafield tag="080" ind1=" " ind2=" ">
    <subfield code="a">929 Casas, Bartolom&#xE9; de las</subfield>
  </datafield>
  <datafield tag="080" ind1=" " ind2=" ">
    <subfield code="a">98(=60)"1492/1600"</subfield>
  </datafield>
  <datafield tag="100" ind1="1" ind2=" ">
    <subfield code="a">Casas, Bartolom&#xE9; de las,</subfield>
    <subfield code="d">1474-1566</subfield>
    <subfield code="9">140251</subfield>
  </datafield>
  <datafield tag="245" ind1="1" ind2="4">
    <subfield code="a">Une plume &#xE1;a la force d'un glaive </subfield>
    <subfield code="b">: lettres choisies / </subfield>
    <subfield code="c">Bartolom&#xE9; de las Casas ; traduction, commentaires et notes par Charles Gillen.</subfield>
  </datafield>
  <datafield tag="260" ind1=" " ind2=" ">
    <subfield code="a">Paris : </subfield>
    <subfield code="b">Les Editions du Cerf, </subfield>
    <subfield code="c">1996.</subfield>
  </datafield>
  <datafield tag="300" ind1=" " ind2=" ">
    <subfield code="a">412 p. ; </subfield>
    <subfield code="c">20 cm.</subfield>
  </datafield>
  <datafield tag="490" ind1="1" ind2=" ">
    <subfield code="a">Sagesses chr&#xE9;tiennes</subfield>
  </datafield>
  <datafield tag="600" ind1="1" ind2="4">
    <subfield code="a">Casas, Bartolom&#xE9; de las,</subfield>
    <subfield code="d">1474-1566-</subfield>
    <subfield code="v">Correspondencia</subfield>
    <subfield code="9">36187</subfield>
  </datafield>
  <datafield tag="651" ind1=" " ind2="4">
    <subfield code="a">Am&#xE9;rica espa&#xF1;ola-</subfield>
    <subfield code="x">Historia-</subfield>
    <subfield code="y">1492-1600 (Descubrimiento y conquista)</subfield>
    <subfield code="9">7724</subfield>
  </datafield>
  <datafield tag="700" ind1="1" ind2=" ">
    <subfield code="a">Guillen, Charles.</subfield>
    <subfield code="9">60761</subfield>
  </datafield>
  <datafield tag="830" ind1="0" ind2=" ">
    <subfield code="a">Sagesses chr&#xE9;tiennes</subfield>
    <subfield code="9">232682</subfield>
  </datafield>
  <datafield tag="852" ind1=" " ind2=" ">
    <subfield code="a">ES-MaACL</subfield>
    <subfield code="j">E-11264 </subfield>
    <subfield code="z">. - Biblioteca Jacinto Mart&#xED;nez Lacalle</subfield>
  </datafield>
  <datafield tag="999" ind1=" " ind2=" ">
    <subfield code="c">105046</subfield>
    <subfield code="d">105046</subfield>
  </datafield>
  <datafield tag="952" ind1=" " ind2=" ">
    <subfield code="0">0</subfield>
    <subfield code="1">0</subfield>
    <subfield code="4">0</subfield>
    <subfield code="7">0</subfield>
    <subfield code="a">ATENEOM</subfield>
    <subfield code="b">ATENEOM</subfield>
    <subfield code="c">DEPO2</subfield>
    <subfield code="d">2008-01-17</subfield>
    <subfield code="e">SC</subfield>
    <subfield code="l">0</subfield>
    <subfield code="o">E-11264</subfield>
    <subfield code="p">1109671</subfield>
    <subfield code="r">2023-02-23 00:00:00</subfield>
    <subfield code="w">2023-02-23</subfield>
    <subfield code="y">MONOGRAFIA</subfield>
  </datafield>
</record>
